MARC-detaljer
| 000 -LEADER |
| fixed length control field |
03092cam a22006255a 4500 |
| 001 - CONTROL NUMBER |
| control field |
14205006 |
| 003 - CONTROL NUMBER IDENTIFIER |
| control field |
LIBRIS |
| 005 - DATE AND TIME OF LATEST TRANSACTION |
| control field |
20200910134722.0 |
| 007 - PHYSICAL DESCRIPTION FIXED FIELD--GENERAL INFORMATION |
| fixed length control field |
cr ||| ||||| |
| 008 - FIXED-LENGTH DATA ELEMENTS--GENERAL INFORMATION |
| fixed length control field |
130514s2012 xx |||||o|||||000 0|und|d |
| 020 ## - INTERNATIONAL STANDARD BOOK NUMBER |
| Canceled/invalid ISBN |
9781118021866 (Print) |
| 035 ## - SYSTEM CONTROL NUMBER |
| System control number |
(EBZ)ebs1579643e |
| 035 ## - SYSTEM CONTROL NUMBER |
| System control number |
(WaSeSS)ssj0000719002 |
| 035 ## - SYSTEM CONTROL NUMBER |
| System control number |
(ALMA)9940478302336 |
| 035 ## - SYSTEM CONTROL NUMBER |
| System control number |
(EBZ)ebs1579643e |
| 035 ## - SYSTEM CONTROL NUMBER |
| System control number |
(ALMA)993448297903662 |
| 035 ## - SYSTEM CONTROL NUMBER |
| System control number |
(ALMA)9919283901205121 |
| 035 ## - SYSTEM CONTROL NUMBER |
| System control number |
(EBZ)ebs1579643e |
| 035 ## - SYSTEM CONTROL NUMBER |
| System control number |
(ALMA)996955873903661 |
| 035 ## - SYSTEM CONTROL NUMBER |
| System control number |
(ALMA)991000995259003211 |
| 035 ## - SYSTEM CONTROL NUMBER |
| System control number |
(ALMA)999333951403663 |
| 035 ## - SYSTEM CONTROL NUMBER |
| System control number |
(ALMA)9921370038304996 |
| 035 ## - SYSTEM CONTROL NUMBER |
| System control number |
(WaSeSS)ssj0000719002 |
| 035 ## - SYSTEM CONTROL NUMBER |
| System control number |
(EBZ)ebs1579643e |
| 040 ## - CATALOGING SOURCE |
| Description conventions |
a |
| 041 ## - LANGUAGE CODE |
| Language code of text/sound track or separate title |
und |
| 100 1# - MAIN ENTRY--PERSONAL NAME |
| Personal name |
Israel, Barbara A. |
| Relationship |
aut |
| 245 10 - TITLE STATEMENT |
| Title |
Methods for Community-based Participatory Research for Health |
| 264 #1 - PRODUCTION, PUBLICATION, DISTRIBUTION, MANUFACTURE, AND COPYRIGHT NOTICE |
| Name of producer, publisher, distributor, manufacturer |
Wiley, |
| Date of production, publication, distribution, manufacture, or copyright notice |
2012 |
| 500 ## - GENERAL NOTE |
| General note |
Book |
| 650 #4 - SUBJECT ADDED ENTRY--TOPICAL TERM |
| Topical term or geographic name entry element |
HEALTH & FITNESS / Diseases / General |
| 650 #4 - SUBJECT ADDED ENTRY--TOPICAL TERM |
| Topical term or geographic name entry element |
HEALTH & FITNESS / Health Care Issues |
| 650 #4 - SUBJECT ADDED ENTRY--TOPICAL TERM |
| Topical term or geographic name entry element |
MEDICAL / Diseases |
| 650 #4 - SUBJECT ADDED ENTRY--TOPICAL TERM |
| Topical term or geographic name entry element |
MEDICAL / Health Care Delivery |
| 650 #4 - SUBJECT ADDED ENTRY--TOPICAL TERM |
| Topical term or geographic name entry element |
MEDICAL / Health Policy |
| 650 #4 - SUBJECT ADDED ENTRY--TOPICAL TERM |
| Topical term or geographic name entry element |
MEDICAL / Public Health |
| 650 #4 - SUBJECT ADDED ENTRY--TOPICAL TERM |
| Topical term or geographic name entry element |
SOCIAL SCIENCE / Disease & Health Issues |
| 655 #4 - INDEX TERM--GENRE/FORM |
| Genre/form data or focus term |
Electronic books |
| 776 08 - ADDITIONAL PHYSICAL FORM ENTRY |
| Relationship information |
Print |
| Title |
Methods for Community-based Participatory Research for Health |
| International Standard Book Number |
978-1-118-02186-6 |
| 887 ## - NON-MARC INFORMATION FIELD |
| Content of non-MARC field |
{"@id":"vd6bd9j65kc29cg","modified":"2015-12-30T00:52:27+01:00","checksum":"159288636053"} |
| Source of data |
librisxl |
| 887 ## - NON-MARC INFORMATION FIELD |
| Content of non-MARC field |
{"@id":"8dl4n8kf2gkvf2d","modified":"2018-05-21T20:24:47+02:00","checksum":"32959108511"} |
| Source of data |
librisxl |
| 887 ## - NON-MARC INFORMATION FIELD |
| Content of non-MARC field |
{"@id":"v0744qd15g254wg","modified":"2020-06-25T09:33:45.995+02:00","checksum":"34329232990"} |
| Source of data |
librisxl |
| 887 ## - NON-MARC INFORMATION FIELD |
| Content of non-MARC field |
{"@id":"5j5tjl803bswnzvx","modified":"2020-08-27T12:24:46.239+02:00","checksum":"23052379228"} |
| Source of data |
librisxl |
| 887 ## - NON-MARC INFORMATION FIELD |
| Content of non-MARC field |
{"@id":"chp7rcnj0mktp1t","modified":"2017-03-23T01:56:39+01:00","checksum":"32098915801"} |
| Source of data |
librisxl |
| 887 ## - NON-MARC INFORMATION FIELD |
| Content of non-MARC field |
{"@id":"mxjxwzvqkqg5gcxd","modified":"2020-07-04T09:35:35.034+02:00","checksum":"24462234814"} |
| Source of data |
librisxl |
| 887 ## - NON-MARC INFORMATION FIELD |
| Content of non-MARC field |
{"@id":"7j3p7dmk5mvzdv4k","modified":"2020-07-13T09:40:34.846+02:00","checksum":"22974804658"} |
| Source of data |
librisxl |
| 887 ## - NON-MARC INFORMATION FIELD |
| Content of non-MARC field |
{"@id":"kpxt1vdq5lxpdmp","modified":"2020-07-08T08:07:27.15+02:00","checksum":"34513939132"} |
| Source of data |
librisxl |
| 887 ## - NON-MARC INFORMATION FIELD |
| Content of non-MARC field |
{"@id":"nzjg4217l0lpv7rl","modified":"2019-11-15T15:12:30.314+01:00","checksum":"33596223698"} |
| Source of data |
librisxl |
| 887 ## - NON-MARC INFORMATION FIELD |
| Content of non-MARC field |
{"@id":"9m7d1pg67mlk1467","modified":"2020-06-24T09:32:45.757+02:00","checksum":"23515402923"} |
| Source of data |
librisxl |
| 887 ## - NON-MARC INFORMATION FIELD |
| Content of non-MARC field |
{"@id":"nzk94wxblh4ktbtq","modified":"2020-07-06T08:07:16.105+02:00","checksum":"30082803654"} |
| Source of data |
librisxl |
| 887 ## - NON-MARC INFORMATION FIELD |
| Content of non-MARC field |
{"@id":"x87nt47zv66jq0ct","modified":"2020-07-02T09:33:26.378+02:00","checksum":"28102754675"} |
| Source of data |
librisxl |
| 887 ## - NON-MARC INFORMATION FIELD |
| Content of non-MARC field |
{"@id":"jnvdxjtp4ppm7j3","modified":"2018-05-21T20:24:48+02:00","checksum":"33684489952"} |
| Source of data |
librisxl |
| 887 ## - NON-MARC INFORMATION FIELD |
| Content of non-MARC field |
{"@id":"lvc2wfzkjd597n5v","modified":"2019-02-07T08:10:50.758+01:00","checksum":"32904391866"} |
| Source of data |
librisxl |
| 942 ## - ADDED ENTRY ELEMENTS (KOHA) |
| Source of classification or shelving scheme |
Other/Generic Classification Scheme |
| Koha item type |
Bok |